00558nam a2200181 a 450000100100000000500170001000800410002704000250006808200150009310000200010824000270012824500460015526000350020130000210023649000220025750000730027983000240035200004508720201002045852.0150202s1971 sp 000 0 spa d aDO-SdBNPbspacBNPHU axxxxbxxxx1 aChauchard, Paul10aHypnose et suggestion.10aHipnosis y sugestión /cPaul Chauchard. aBarcelona :bOikos-tau,c1971. a126 p. ;c18 cm.1 a¿Qué sé?v31 aIncluye referencias bibliográficas y notas al pie de las páginas 0a¿Qué sé? ;n31